000 00531nam a2200181Ia 4500
008 100920s9999 xx 000 0 und d
082 _b101598
_a891.43 न 04
100 _aगुप्त योगेश.
245 _aविसर्जन.
260 _bअरुण प्रकाशन दिल्ली.
_c2004
300 _a80
_bसाधी
365 _b100
520 _aहिंदी.
630 _aविसर्जन.
650 _aहिंदी.
730 _aविसर्जन.
942 _cBOOK
999 _c742035
_d742032